[Event "IECC Swiss email"]
[Site "IECC email"]
[Date "2003.12.08"]
[Round "?"]
[White "El Messiry, Raouf"]
[Black "Herr, Jeffrey"]
[Result "0-1"]
[WhiteElo "1723"]
[BlackElo "1300"]
[PlyCount "28"]
[EventDate "2003.??.??"]
[EventType "tourn (corr)"]
[EventRounds "6"]
[SourceTitle "Corr 2008"]
[Source "ChessBase"]
[SourceDate "2008.06.24"]
[SourceVersion "1"]
[SourceVersionDate "2008.06.24"]
[SourceQuality "1"]

1. e4 c5 2. Nf3 Nc6 3. d4 cxd4 4. Nxd4 Nf6 5. Nc3 e5 6. Ndb5 Bb4 7. a3 Bxc3+ 8. Nxc3 0-0 9. Bg5 h6 10. Bxf6 Qxf6 11. Nb5 Qd8 12. c3 Ne7 13. Nd6 Qb6 14. Qf3 Qxb2 0-1